000 00256nam a2200097Ia 4500
001 1094021
005 20250827002948.0
008 250824s9999 xx 000 0 und d
245 0 _aŞARKIN KANDİLİ NUREDDİN ZENGİ
_cALİ EMRE
260 _bKETEBE YAYINLARI
999 _c1094021
_d1094021